Les épreuves d'athlétisme avec record du monde - Statistiques

Statistiques générales
  • Ce quiz a été pris 155 fois
  • Le résultat moyen est 29 sur 46
Statistiques - réponses
Typz F ou H Réponse % Correct
COURSES F 100 M
100%
400 M
94%
800 M
89%
3000 M
85%
1500 M
84%
10000 M
81%
10000 M
81%
MARCHE 10000 M
81%
5000 M
81%
5000 M
81%
Marathon
80%
H 200 M
78%
Triple saut
78%
EPREUVES COMBINEES Décathlon
76%
Décathlon
76%
A la perche
73%
Du javelot
73%
LANCERS (ne pas taper "lancer) Du poids
73%
1000 M
72%
110 M Haies
72%
Du disque
72%
RELAIS (ne pas taper "relais") 4 X 100 M
68%
2000 M
65%
4 X 400 M
65%
50 KM
65%
50 KM
65%
100 M Haies
63%
20 KM
63%
Heptathlon
63%
3000 M Steeple
60%
En longueur
60%
SAUTS (ne pas taper "saut") En hauteur
59%
Du marteau
55%
400 M Haies
54%
4 X 200 M
51%
20000 M
48%
Semi-marathon
47%
4 X 800 M
45%
100 KM
42%
4 X 1500 M
39%
Mile
38%
50000 M
32%
30000 M
27%
Heure
9%
Relais ekiden
4%
Medley relay
1%
Aucun quiz correspondant
Distribution des résultats
% des personnes avec chaque résultat
Percentile par nombre de réponses
Votre historique - résultats
Vous n’avez pas pris ce quiz